Представление документа в формате MARC21

Поле Инд. ПП Название Значение
Тип записи a
Библиографический уровень m
001 Контрольный номер 26b6c930-4238-4f1f-9995-513499cfc3ae
005 Дата корректировки 20140226193751.1
008 Кодируемые данные 991207 d
020 a ISBN 5-02-014423-1
c Цена, тираж 40.00
020 a ISBN 5-02-013850-9
080 a Индекс УДК 530.1(075.8)
a Индекс УДК 531.19(075.8)
084 a Индекс другой классификации/Индекс ББК В31я731-1
a Индекс другой классификации/Индекс ББК В317.2я731-1
090 c Каталожный индекс В31я731-1 + В317.2я731-1
x Авторский знак Л22
a Полочн. индекс В31
100 1_ a Автор Ландау Лев Давидович
245 00 a Заглавие Теоретическая физика
n Номер части/ раздела Т. 5
p Название части/ раздела Статистическая физика.Ч.1.
b Продолж. заглавия Учеб. пособие для студентов физ. спец. ун-тов : В 10 т.
c Ответственность Л.Д. Ландау и Е.М. Лифшиц
250 a Основные сведения об издании 4.е изд., испр.
260 0_ a Место издания Москва
c Дата издания 1995
b Издательство Наука : Физматлит
300 a Объем 605 с.
b Иллюстрации/ тип воспроизводства ил.
500 a Примечание На корешке только загл. тома. - Предм. указ.: с.604-605.
583 a Действие Получение впервые 123 13.02.98
k Исполнитель действия Дар РГГУ
650 a Основная рубрика Физика теоретическая
x Основная подрубрика Учебники для вузов
650 a Основная рубрика Статистическая физика
653 a Ключевые слова Статистическая физика
a Ключевые слова Теоретическая физика
a Ключевые слова Учебники
a Ключевые слова Физика
700 1_ a Другие авторы Лифшиц Евгений Михайлович
852 t Порядковый номер экземпляра 1
p Инвентарный номер 693030
888 a Бесплатные
910 a гриф есть*
930 a Новая/Ретро Учебники
952 p 123.98 40.00 1 693030
c Вид литературы К ру
954 a Дата поступления на обработку 16.02.98
999 a Подразделение 2 Фил3